| 000 | 00549nam a22001937a 4500 | ||
|---|---|---|---|
| 003 | OSt | ||
| 005 | 20140310181807.0 | ||
| 008 | 130704t xxu||||| |||| 00| 0 eng d | ||
| 020 | _a0029645700 | ||
| 050 |
_aPD 5640 _b.B515 1981 |
||
| 082 |
_aREF 423 _bB45 1981 |
||
| 245 | _aBerlitz. English-Swedish Swedish-English dictionary = Engelsk-Svensk Svensk-Engelsk orkbok. | ||
| 260 |
_aSwitzerland _bBerlitz _cc1981. |
||
| 300 |
_a329 p. ; _c14 cm. |
||
| 521 | _aBasic Ed. Students | ||
| 562 | _e1 | ||
| 942 |
_2lcc _cBK-GR _kREF |
||
| 999 |
_c3817 _d3817 |
||